Chemical Symbol to Name - Statistics

General Stats
  • This quiz has been taken 28 times
  • The average score is 63 of 118
Answer Stats
Hint Answer % Correct
N Nitrogen
100%
I Iodine
96%
Ba Barium
87%
B Boron
87%
Cl Chlorine
87%
F Fluorine
87%
He Helium
87%
H Hydrogen
87%
Hg Mercury
87%
K Potassium
87%
Ar Argon
83%
C Carbon
83%
Mg Magnesium
83%
P Phosphorus
83%
Si Silicon
83%
Na Sodium
83%
S Sulfur
83%
Xe Xenon
83%
Al Aluminum
78%
Be Beryllium
78%
Co Cobalt
78%
Cu Copper
78%
Pb Lead
78%
Mn Manganese
78%
O Oxygen
78%
Sn Tin
78%
Au Gold
74%
Ag Silver
74%
U Uranium
74%
Y Yttrium
74%
Ca Calcium
70%
Cs Cesium
70%
Fe Iron
70%
Li Lithium
70%
Sc Scandium
70%
Zn Zinc
70%
Kr Krypton
65%
Ne Neon
65%
Ti Titanium
65%
W Tungsten
65%
Bi Bismuth
61%
Ni Nickel
61%
Pt Platinum
61%
Rb Rubidium
61%
Cd Cadmium
57%
Ge Germanium
57%
In Indium
57%
Mo Molybdenum
57%
Se Selenium
57%
V Vanadium
57%
Br Bromine
52%
Eu Europium
52%
Fr Francium
52%
Ga Gallium
52%
Ir Iridium
52%
No Nobelium
52%
Os Osmium
52%
Po Polonium
52%
Sr Strontium
52%
At Astatine
48%
Bk Berkelium
48%
Dy Dysprosium
48%
Ra Radium
48%
Re Rhenium
48%
Rf Rutherfordium
48%
Te Tellurium
48%
Yb Ytterbium
48%
Zr Zirconium
48%
Am Americium
43%
Sb Antimony
43%
Cf Californium
43%
Cr Chromium
43%
Hf Hafnium
43%
Og Oganesson
43%
Pd Palladium
43%
Pr Praseodymium
43%
Ru Ruthenium
43%
Tc Technetium
43%
As Arsenic
39%
Ce Cerium
39%
Db Dubnium
39%
Er Erbium
39%
Ho Holmium
39%
La Lanthanum
39%
Nd Neodymium
39%
Nh Nihonium
39%
Rn Radon
39%
Rh Rhodium
39%
Sm Samarium
39%
Sg Seaborgium
39%
Th Thorium
39%
Ac Actinium
35%
Fm Fermium
35%
Gd Gadolinium
35%
Lr Lawrencium
35%
Lv Livermorium
35%
Lu Lutetium
35%
Mt Meitnerium
35%
Np Neptunium
35%
Ta Tantalum
35%
Ts Tennessine
35%
Bh Bohrium
30%
Cm Curium
30%
Md Mendelevium
30%
Nb Niobium
30%
Pm Promethium
30%
Es Einsteinium
26%
Fl Flerovium
26%
Pu Plutonium
26%
Rg Roentgenium
26%
Tb Terbium
26%
Tm Thulium
26%
Ds Darmstadtium
22%
Tl Thallium
22%
Hs Hassium
17%
Mc Moscovium
17%
Pa Protactinium
17%
Cn Copernicium
9%
No matching quizzes found
Score Distribution
Percent of People with Each Score
Percentile by Number Answered
Your Score History
You have not taken this quiz